| 000 | 00938nam a22002297a 4500 | ||
|---|---|---|---|
| 001 | 47312 | ||
| 003 | BD-RjUL | ||
| 005 | 20211209054307.0 | ||
| 008 | 160808s1982 bg ||||| |||| 00| 0 ben d | ||
| 020 | _c: TK 20.00 | ||
| 035 | _a(BD-RjUL)47431 | ||
| 040 |
_aBD-RjUL _bben _cBD-RjUL |
||
| 041 | _aben | ||
| 082 |
_223 _a320.959 _bMOD 1982 |
||
| 100 |
_aমোল্লা, মোঃগিয়াস উদ্দিন _9143995 |
||
| 245 | 1 | 0 |
_aদক্ষিণ ও দক্ষিণ-পূর্ব এশিয়ার রাজনীতি / _cমোঃগিয়াস উদ্দিন মোল্লা |
| 260 |
_aঢাকা : _bবাংলা একাডেমী, _c১৯৮২ |
||
| 300 |
_a[১০], ১৫৯ পৃ. ; _c২১ সেমি. |
||
| 650 |
_aসরকার ও রাজনীতি _zএশিয়া _9143996 |
||
| 650 |
_aPolitics & Government _zAsia _9143997 |
||
| 942 |
_2ddc _cBK |
||
| 999 |
_c47312 _d47312 |
||